| 000 | 00000nam 2200000zi 4500 |
| 001 | 9.913298 |
| 003 | CaOODSP |
| 005 | 20241112101628 |
| 006 | m o d f |
| 007 | cr ||||||||||| |
| 008 | 220712t20222022qucb o f000 0 fre d |
| 020 | |a9780660445489 |
| 040 | |aCaOODSP|bfre|erda|cCaOODSP |
| 043 | |an-cn-bc |
| 086 | 1 |aR64-597/2022F-PDF |
| 245 | 00|aPlan directeur des Lieux historiques nationaux Fort Rodd Hill et du Phare-de-Fisgard, 2022. |
| 264 | 1|a[Gatineau, QC] : |bParcs Canada = Parks Canada,|c2022. |
| 264 | 4|c©2022 |
| 300 | |a1 ressource en ligne (ix, 21 pages) : |bcartes en couleur |
| 336 | |atexte|btxt|2rdacontent/fre |
| 337 | |ainformatique|bc|2rdamedia/fre |
| 338 | |aressource en ligne|bcr|2rdacarrier/fre |
| 500 | |aPublié aussi en anglais sous le titre : Fort Rodd Hill and Fisgard Lighthouse National Historic Sites of Canada management plan. |
| 520 | |a« Le plan directeur est axé sur trois stratégies clés qui orienteront la gestion des lieux historiques nationaux. Il présente une vision sur dix ans pour les sites et décrit les stratégies et les objectifs qui appuient celle-ci. Le plan directeur présente également les principes et les possibilités liés à la gestion des territoires adjacents qui contribuent au caractère spécial du fort Rodd Hill et du phare de Fisgard » -- résumé, page vii. |
| 650 | 6|aLieux historiques|zColombie-Britannique|xGestion. |
| 710 | 2 |aParcs Canada, |eorganisme de publication. |
| 775 | 08|tFort Rodd Hill and Fisgard Lighthouse National Historic Sites of Canada management plan, 2022.|w(CaOODSP)9.913296 |
| 776 | 0#|tPlan directeur des Lieux historiques nationaux Fort Rodd Hill et du Phare-de-Fisgard.|w(CaOODSP)9.913299 |
| 856 | 40|qPDF|s2.87 Mo|uhttps://publications.gc.ca/collections/collection_2023/pc/R64-597-2022-fra.pdf |
| 856 | 4 |qHTML|sS.O.|uhttps://parcs.canada.ca/lhn-nhs/bc/fortroddhill/info/plan-22 |